000 00459nam a2200193Ia 4500
008 151121s9999||||xx |||||||||||||| ||und||
082 _a823-/BLU
082 _bHNW-57954
100 _aBlundell Nigel-Edi।
245 _aScandals
260 _b"Octopus Books Ltd।, London"
260 _c--
300 _a159
600 _aBlundell Nigel-Edi।
630 _aScandals
700 _aBlundell Nigel-Edi।
730 _aScandals
942 _cBOOK
999 _c1239977
_d1239974